Environmental conservation : (Record no. 329159)

000 -LEADER
fixed length control field 01486cam a2200373 i 4500
001 - CONTROL NUMBER
control field 17397019
003 - CONTROL NUMBER IDENTIFIER
control field ASAB
005 - DATE AND TIME OF LATEST TRANSACTION
control field 20170425140322.0
008 - FIXED-LENGTH DATA ELEMENTS--GENERAL INFORMATION
fixed length control field 120723s2008 ii ab bs 000 0 eng
010 ## - LIBRARY OF CONGRESS CONTROL NUMBER
LC control number 2012337013
020 ## - INTERNATIONAL STANDARD BOOK NUMBER
International Standard Book Number 978-81-265-3176-9
037 ## - SOURCE OF ACQUISITION
Source of stock number/acquisition Library of Congress -- New Delhi Overseas Office
040 ## - CATALOGING SOURCE
Transcribing agency ASAB
042 ## - AUTHENTICATION CODE
Authentication code lcode
-- pcc
043 ## - GEOGRAPHIC AREA CODE
Geographic area code a-ii---
050 00 - LIBRARY OF CONGRESS CALL NUMBER
Classification number TD171.5.I4
Item number E564 2008
082 ## - DEWEY DECIMAL CLASSIFICATION NUMBER
Classification number 626
245 00 - TITLE STATEMENT
Title Environmental conservation :
Statement of responsibility, etc. by Raymod F. Dasman
264 #1 - PRODUCTION, PUBLICATION, DISTRIBUTION, MANUFACTURE, AND COPYRIGHT NOTICE
Place of production, publication, distribution, manufacture India
Name of producer, publisher, distributor, manufacturer Wiley India Pvt. Ltd.
Date of production, publication, distribution, manufacture, or copyright notice c1959
300 ## - PHYSICAL DESCRIPTION
Extent xv, 486 pages :
Dimensions 25 cm
906 ## - LOCAL DATA ELEMENT F, LDF (RLIN)
a 7
b cbc
c origode
d 3
e ncip
f 20
g y-gencatlg
942 ## - ADDED ENTRY ELEMENTS (KOHA)
Source of classification or shelving scheme
Koha item type Book
Holdings
Withdrawn status Lost status Source of classification or shelving scheme Damaged status Not for loan Collection code Permanent Location Current Location Date acquired Total Checkouts Full call number Barcode Date last seen Price effective from Koha item type
            Atta-ur-Rahman School of Applied Biosciences (ASAB) Atta-ur-Rahman School of Applied Biosciences (ASAB) 04/25/2017   626 DAS ASAB1996 04/25/2017 04/25/2017 Book
© 2023 Central Library, National University of Sciences and Technology. All Rights Reserved.